[Event "RUS-chT Premier 2021"]
[White "Musalov,Ruslan"]
[Black "Inarkiev,Ernesto"]
[WhiteTeam "Киммерия"]
[BlackTeam "Шахматная сборная Москвы"]
[Site "Sochi"]
[Round "8.2"]
[Annotator "TA"]
[Result "0-1"]
[Date "2021.05.09"]
[WhiteElo "2359"]
[BlackElo "2654"]
[PlyCount "80"]

1. d4 {} Nf6 2. Nf3 e6 3. e3 c5 4. c4 cxd4 5. exd4 b6 6. Nc3 Bb4 7. Bd3 0-0 8. 0-0 Bxc3 9. bxc3 d6 10. Bg5 {E14: Queen's
Indian: Classical Variation (4 e3).} Nbd7 11. Qc2 {[#] aiming for Bxh7+.} h6 $146 ({Predecessor:} 11... Qc7 12. Nd2 Ba6 13. Rfe1 Rac8 14. Re3 d5 15. cxd5 Bxd3 16. Qxd3 Nxd5 17. Rh3 g6 {0-1 (29) Schroeder,W (2237)-Mainka,G (2342)
Ruhrgebiet 1999} )12. Bf4 {The position is equal.} Qc7 13. Qd2 {next Bxh6! is
good for White.} Bb7 {[#]} (13... Ba6 $1 $11 {remains equal.} )14. Bxh6 $1 $16 Ne4 15. Qc2 $36 { White is really pushing.} f5 16. Be3 Rac8 17. Ng5 ({White should try} 17. Rfb1 $16 )Nxg5 $14 18. Bxg5 Ba6 (18... Qc6 $1 $14 19. f3 Ba6 )19. Qa4 $16 Nb8 20. Rfe1 e5 21. f3 Rf7 {} 22. Rad1 Qd7 23. Qxd7 (23. Qb3 $142 )Nxd7 24. c5 Bxd3 25. Rxd3 bxc5 26. dxe5 dxe5 27. Rd5 Rb8 28. Be3 ({White should play} 28. h4 $16 )f4 29. Bxc5 (29. Bf2 $16 )Rb5 $17 30. Red1 Nxc5 31. Rxe5 Rfb7 32. Rd8+ Kh7 33. h4 {[#]} Na4 $1 34. Ree8 Nxc3 35. Kh2 Rd5 36. Rc8 Nd1 {Strongly threatening ...Ne3.} 37. Rh8+ Kg6 {Threatens to win with ...Ne3.} 38. Rc6+ Kf7 {White must now prevent ...
Ne3.} 39. h5 $2 (39. Rcc8 )Ne3 $19 40. g3 Rb1 {Weighted Error Value:
White=0.53/Black=0.12} (40... Rd1 $142 41. Rhc8 Rb2+ { Double Attack} 42. Rc2 Nxc2 43. Kh3 Ne3 44. Rc7+ Ke6 45. Kh4 fxg3 46. Kg5 g2 47. Kg6 g1=Q+ 48. Kh7 Rd7 49. Rc6+ Kf7 50. f4 Qb1+ { Double Attack} 51. Rg6 Rh2 52. Kh8 Rxh5+ 53. Rh6 Rxh6# )0-1

[Event "RUS-chT Premier 2021"]
[White "Babakekhyan,Artem"]
[Black "Najer,Evgeniy"]
[WhiteTeam "Киммерия"]
[BlackTeam "Шахматная сборная Москвы"]
[Site "Sochi"]
[Round "8.4"]
[Annotator "TA"]
[Result "0-1"]
[Date "2021.05.09"]
[WhiteElo "2214"]
[BlackElo "2648"]
[PlyCount "118"]

1. Nf3 {} c5 2. g3 Nc6 3. d4 cxd4 4. Nxd4 g6 5. Bg2 Bg7 6. Nb3 d6 {A04: Unusual lines after 1 Nf3 and
King's Indian Attack.} 7. Nc3 {Nowadays more popular than 7.0-0.} Nf6 8. 0-0 h5 $5 { The position is equal. Exploring less charted territory.} 9. h3 Be6 {[#]} 10. Nd4 $146 ({Predecessor:} 10. e4 Qd7 11. Kh2 Bc4 12. Re1 e5 13. Be3 Bh6 14. Bxh6 Rxh6 15. Qd2 Rh8 16. Rad1 Bxb3 17. axb3 {1-0 (50) Howell,D 
(2702)-Wells,P (2434) Llandudno 2017} )Nxd4 11. Qxd4 0-0 12. Qb4 b6 13. Bg5 ({Better is} 13. Qa4 $15 )Rc8 $17 14. Qa4 a5 15. Qf4 Qd7 16. Kh2 Rc4 17. Qd2 Rfc8 18. a4 d5 19. Rfc1 {[#]} Rd4 $3 {} 20. Qe1 (20. Qxd4 $2 {perishes.} Ng4+ $1 {} 21. hxg4 Bxd4 $19 )(20. Qe3 Rb4 )Rb4 $1 21. Rd1 Rxb2 {Threatens to win with ...Rxc3!} 22. Bxf6 Bxf6 23. Nxd5 Bxd5 24. Bxd5 Qc7 25. Bb3 {[#]} Rxc2 (25... Rxb3 $142 $1 {} 26. cxb3 Bxa1 27. Rxa1 h4 )26. Bxc2 {aiming for Ra2.} Bxa1 27. Bd3 Bc3 28. Qh1 h4 29. Qf3 hxg3+ 30. fxg3 Bf6 31. Kg2 Kg7 32. Rb1 Rd8 33. h4 Rd4 34. Bb5 Qc5 35. Rh1 Rd5 36. Rc1 Qd6 37. Rc6 Qd8 38. Rc8 Qd6 {And now ...Rf5 would win.} 39. Rc6 $1 {} Qe5 40. Bd3 Rd4 41. Rc4 Rd8 42. Re4 Qa1 43. Qf1 Qa3 44. Qb1 Qd6 45. Qb5 Rh8 46. Rc4 Be5 47. Rc6 Qd4 {White must now prevent ...Qe3.} 48. Qc4 Qe3 49. Qg4 {} Bd4 $36 { ( -> ...Qf2+). Black has strong
initiative.} 50. Qe4 Qf2+ 51. Kh3 g5 52. Qxe7 $2 { [#] This move
loses the game for White.} (52. Qf3 $17 )Rxh4+ $3 {} 53. gxh4 {
[#]} Qf1+ $1 54. Kg3 Qg1+ (54... Qf4+ $142 55. Kg2 Qg4+ 56. Kh2 Qg1+ 57. Kh3 g4# )55. Kf3 $19 Qf2+ { Double Attack} 56. Kg4 Qf4+ {Black mates.} 57. Kh3 g4+ 58. Kg2 Qf2+ 59. Kh1 Qg1# {Weighted Error Value: White=0.35/Black=0.15} 0-1

[Event "RUS-chT Premier 2021"]
[White "Grachev,Boris"]
[Black "Pervakov,Sergey"]
[WhiteTeam "Шахматная сборная Москвы"]
[BlackTeam "Киммерия"]
[Site "Sochi"]
[Round "8.5"]
[Annotator "RC"]
[Result "1-0"]
[Date "2021.05.09"]
[WhiteElo "2619"]
[BlackElo "2056"]
[PlyCount "53"]
[TimeControl "60"]

1. d4 {[%emt 0:0:0]} d5 {[%emt 0:0:0]} 2. Nf3 {[%emt 0:0:48]} Nf6 {[%emt 0:0:10]
} 3. c4 {[%emt 0:0:6]} c6 {[%emt 0:0:8]} 4. g3 {[%emt 0:0:0]} dxc4 {[%emt 0:2:51]} 5. Bg2 {[%emt 0:1:4]} Nbd7 {[%emt 0:3:31]} 6. a4 {[%emt 0:5:51]} g6 {[%emt 0:8:31]} 7. Na3 {[%emt 0:3:28]} Bg7 {[%emt 0:0:0]} 8. Nxc4 {[%emt 0:0:16]} 0-0 {[%emt 0:0:52]} 9. a5 {[%emt 0:2:54]} Nd5 {[%emt 0:3:20]
} 10. e4 {[%emt 0:1:48]} Nc7 {[%emt 0:4:26]} 11. 0-0 {[%emt 0:0:0]} Nf6 {[%emt 0:11:32]} 12. Nfe5 {[%emt 0:4:28]} Be6 {[%emt 0:5:34]} 13. Be3 {[%emt 0:4:56]} Qc8 {[%emt 0:1:26]} 14. Rc1 {[%emt 0:2:21]} Bh3 {[%emt 0:5:13]
} 15. f3 {[%emt 0:2:57]} Bxg2 {[%emt 0:6:27]} 16. Kxg2 {[%emt 0:0:3]
} Qe6 {[%emt 0:10:48]} 17. Qb3 {[%emt 0:4:46]} Rab8 {[%emt 0:0:0]} 18. Nd3 {[%emt 0:2:5]} Nxe4 {[%emt 0:14:49]} 19. Nf4 {[%emt 0:10:24]} Qf5 {[%emt 0:0:9]} 20. fxe4 {[%emt 0:3:15]} Qxe4+ {[%emt 0:0:7]} 21. Rf3 {[%emt 0:0:13]
} Nb5 {[%emt 0:9:20]} 22. d5 {[%emt 0:14:52]} cxd5 {[%emt 0:0:0]} 23. Qxb5 {[%emt 0:1:17]} dxc4 {[%emt 0:0:7]} 24. Rxc4 {[%emt 0:0:44]} Qb1 {[%emt 0:1:20]} 25. Rf1 {[%emt 0:0:47]} Qxb2+ {[%emt 0:2:10]} 26. Qxb2 {[%emt 0:0:5]
} Bxb2 {[%emt 0:0:5]} 27. Rb1 {[%emt 0:0:9]} 1-0

[Event "RUS-chT Premier 2021"]
[White "Andreikin,Dmitry"]
[Black "Petrov,Nikita"]
[Site "Sochi"]
[WhiteTeam "КПРФ"]
[BlackTeam "Школа М. Ботвинника"]
[Round "8.7"]
[Annotator "TA"]
[Result "1/2-1/2"]
[Date "2021.05.09"]
[WhiteElo "2725"]
[BlackElo "2567"]
[PlyCount "47"]

1. e4 {} e5 2. Nf3 Nc6 3. Bb5 a6 4. Ba4 Bc5 5. c3 Nge7 6. 0-0 Ng6 {C64: Ruy Lopez: Classical Defence (3...Bc5) except
4 0-0 Nf6.} 7. d4 Ba7 8. Be3 0-0 {White has an edge.} 9. Nbd2 d6 10. Re1 {[#]} exd4 $146 ({Predecessor:} 10... Qe7 11. dxe5 Ncxe5 12. Qc2 Bg4 13. Nxe5 dxe5 14. h3 Bxe3 15. Rxe3 Be6 16. Nf3 Rad8 {1/2-1/2 (35) Potievskaya,A (1855)
-Gubaidullin,M (1789) Petrozavodsk 2010} )11. cxd4 Nce7 12. d5 Bxe3 13. Rxe3 c6 14. dxc6 bxc6 15. Nc4 d5 16. Nce5 Nxe5 17. Nxe5 Qd6 18. Nf3 Bg4 19. Qd2 Rad8 20. Rae1 d4 21. Rd3 {} Bxf3 22. e5 Qc7 {[#] And now ...Bd5 would
win.} (22... Qe6 $5 {} 23. Rxf3 c5 $15 )23. Rxf3 Ng6 24. Rf5 {
Weighted Error Value: White=0.08/Black=0.04} 1/2-1/2

[Event "RUS-chT Premier 2021"]
[White "Zakhartsov,Vladimir"]
[Black "Alekseev,Evgeny"]
[WhiteTeam "Школа М. Ботвинника"]
[BlackTeam "КПРФ"]
[Site "Sochi"]
[Round "8.8"]
[Annotator "RC"]
[Result "1/2-1/2"]
[Date "2021.05.09"]
[WhiteElo "2486"]
[BlackElo "2619"]
[PlyCount "64"]
[TimeControl "60"]

1. d4 {[%emt 0:0:0]} Nf6 {[%emt 0:0:0]} 2. c4 {[%emt 0:0:0]} e6 {[%emt 0:0:0]} 3. Nc3 {[%emt 0:0:0]} d5 {[%emt 0:0:6]} 4. cxd5 {[%emt 0:0:26]} exd5 {[%emt 0:3:38]} 5. Bg5 {[%emt 0:0:8]} c6 {[%emt 0:1:13]} 6. e3 {[%emt 0:0:17]
} Be7 {[%emt 0:1:55]} 7. Qc2 {[%emt 0:1:6]} Nbd7 {[%emt 0:0:0]} 8. Bd3 {[%emt 0:2:29]} 0-0 {[%emt 0:3:57]} 9. Nf3 {[%emt 0:0:33]} Re8 {[%emt 0:3:54]
} 10. 0-0 {[%emt 0:0:32]} Nf8 {[%emt 0:4:37]} 11. Rab1 {[%emt 0:8:19]
} Be6 {[%emt 0:9:28]} 12. b4 {[%emt 0:3:57]} Rc8 {[%emt 0:0:0]} 13. Na4 {[%emt 0:6:12]} Ne4 {[%emt 0:4:51]} 14. Bf4 {[%emt 0:9:40]} Bd6 {[%emt 0:8:53]} 15. Bxd6 {[%emt 0:14:10]} Nxd6 {[%emt 0:1:13]} 16. Nc5 {[%emt 0:0:8]
} g6 {[%emt 0:7:15]} 17. a4 {[%emt 0:3:14]} Nd7 {[%emt 0:7:13]
} 18. h3 {[%emt 0:2:40]} Qe7 {[%emt 0:6:28]} 19. Nxe6 {[%emt 0:4:36]} Qxe6 {[%emt 0:0:32]
} 20. Qa2 {[%emt 0:0:44]} a6 {[%emt 0:4:6]} 21. b5 {[%emt 0:0:0]} axb5 {[%emt 0:0:43]} 22. axb5 {[%emt 0:0:4]} c5 {[%emt 0:0:20]} 23. dxc5 {[%emt 0:1:41]} Nxc5 {[%emt 0:1:39]} 24. Nd4 {[%emt 0:1:27]} Qf6 {[%emt 0:5:51]
} 25. Rbd1 {[%emt 0:6:0]} Nde4 {[%emt 0:1:3]} 26. Bxe4 {[%emt 0:6:55]
} dxe4 {[%emt 0:0:37]} 27. Qa7 {[%emt 0:3:40]} Qe7 {[%emt 0:0:0]} 28. Rc1 {[%emt 0:3:21]} Nd3 {[%emt 0:1:37]} 29. Rxc8 {[%emt 0:3:36]} Rxc8 {[%emt 0:0:8]} 30. Qb6 {[%emt 0:2:29]} h5 {[%emt 0:2:24]} 31. Ne2 {[%emt 0:2:49]
} Rc2 {[%emt 0:2:30]} 32. Nf4 {[%emt 0:0:25]} Nxf4 {[%emt 0:0:0]} 1/2-1/2

[Event "RUS-chT Premier 2021"]
[White "Zvjaginsev,Vadim"]
[Black "Makarian,Rudik"]
[WhiteTeam "КПРФ"]
[BlackTeam "Школа М. Ботвинника"]
[Site "Sochi"]
[Round "8.9"]
[Annotator "RC"]
[Result "1/2-1/2"]
[Date "2021.05.09"]
[WhiteElo "2614"]
[BlackElo "2468"]
[PlyCount "60"]
[TimeControl "60"]

1. c4 {[%emt 0:0:0]} e6 {[%emt 0:0:0]} 2. Nc3 {[%emt 0:0:7]} Nf6 {[%emt 0:5:54]
} 3. Nf3 {[%emt 0:2:2]} d5 {[%emt 0:1:9]} 4. e3 {[%emt 0:0:0]} dxc4 {[%emt 0:2:35]} 5. Bxc4 {[%emt 0:3:18]} a6 {[%emt 0:0:3]} 6. a4 {[%emt 0:4:48]
} c5 {[%emt 0:0:32]} 7. 0-0 {[%emt 0:5:22]} Nc6 {[%emt 0:0:18]
} 8. Qe2 {[%emt 0:1:17]} Be7 {[%emt 0:3:5]} 9. Rd1 {[%emt 0:0:21]} 0-0 {[%emt 0:0:7]
} 10. h3 {[%emt 0:0:28]} b6 {[%emt 0:7:16]} 11. d4 {[%emt 0:0:0]} cxd4 {[%emt 0:0:32]} 12. exd4 {[%emt 0:1:29]} Nb4 {[%emt 0:0:47]} 13. Bg5 {[%emt 0:6:30]} Bb7 {[%emt 0:0:28]} 14. Ne5 {[%emt 0:1:54]} Nfd5 {[%emt 0:10:10]
} 15. Nxd5 {[%emt 0:0:49]} Nxd5 {[%emt 0:9:16]} 16. Bd2 {[%emt 0:0:39]
} Bb4 {[%emt 0:5:3]} 17. Bxb4 {[%emt 0:4:41]} Nxb4 {[%emt 0:0:0]} 18. Ra3 {[%emt 0:1:42]} Rc8 {[%emt 0:12:36]} 19. Rg3 {[%emt 0:6:54]} Rc7 {[%emt 0:1:9]} 20. Qd2 {[%emt 0:15:18]} Nd5 {[%emt 0:0:13]} 21. a5 {[%emt 0:7:24]
} bxa5 {[%emt 0:5:7]} 22. Qh6 {[%emt 0:0:42]} f6 {[%emt 0:0:0]} 23. Bd3 {[%emt 0:0:56]} g5 {[%emt 0:0:4]} 24. Nf3 {[%emt 0:3:47]} Rg7 {[%emt 0:1:0]} 25. h4 {[%emt 0:0:20]} Nf4 {[%emt 0:5:12]} 26. hxg5 {[%emt 0:1:10]
} Bxf3 {[%emt 0:3:58]} 27. gxf6 {[%emt 0:4:31]} Qxf6 {[%emt 0:0:0]} 28. Bxh7+ {[%emt 0:10:59]} Kh8 {[%emt 0:0:33]} 29. Bg6+ {[%emt 0:0:0]} Kg8 {[%emt 0:0:7]} 30. Bh7+ {[%emt 0:0:9]} Kh8 {[%emt 0:0:4]} 1/2-1/2

[Event "RUS-chT Premier 2021"]
[White "Afanasiev,Nikita"]
[Black "Rublevsky,Sergei"]
[WhiteTeam "Школа М. Ботвинника"]
[BlackTeam "КПРФ"]
[Site "Sochi"]
[Round "8.10"]
[Annotator "TA"]
[Result "1/2-1/2"]
[Date "2021.05.09"]
[WhiteElo "2529"]
[BlackElo "2642"]
[PlyCount "67"]

1. Nf3 {} d5 2. e3 Nf6 3. c4 c6 4. Nc3 a6 5. Qc2 g6 6. d4 Bg7 7. Bd3 0-0 8. 0-0 Bg4 9. Ne5 {
D10: Slav Defence: 3 cxd5 (without early Nf3) and 3 Nc3.} Be6 10. cxd5 Nxd5 11. Nxd5 cxd5 {[#]} 12. f4 $146 ({Predecessor:} 12. Bd2 f6 13. Nf3 Bg4 14. Qb3 Qd7 15. Rfc1 Bxf3 16. gxf3 Nc6 17. Rc5 e6 18. Rac1 {1/2-1/2 (42) Kortschnoj,V 
(2610)-Harikrishna,P (2664) Paks 2007} )Bxe5 13. fxe5 Nc6 14. Bd2 Rc8 15. Qa4 Qd7 16. Qb3 f6 {The position is equal.} 17. exf6 Rxf6 18. Rxf6 exf6 19. Rc1 Ne7 20. Rxc8+ Nxc8 21. Qc3 Nd6 22. Qc5 {[#] Black must now prevent Bb4.} Ne4 23. Bxe4 dxe4 24. Bb4 {} Qf7 25. a4 h6 26. Qd6 Kg7 27. Qd8 g5 28. Be7 Kg6 29. a5 Bc4 30. h3 Qe6 31. Qe8+ Qf7 32. Qd7 Qd5 33. Qc8 Qc6 34. Qxc6 {Weighted Error Value: White=0.06/Black=0.05} 1/2-1/2

[Event "RUS-chT Premier 2021"]
[White "Potkin,Vladimir"]
[Black "Kukhmazov,Arsen"]
[WhiteTeam "КПРФ"]
[BlackTeam "Школа М. Ботвинника"]
[Site "Sochi"]
[Round "8.11"]
[Annotator "ChessBase"]
[Result "1/2-1/2"]
[Date "2021.05.09"]
[WhiteElo "2578"]
[BlackElo "2451"]
[PlyCount "63"]
[TimeControl "60"]

1. e4 {[%emt 0:0:0]} c6 {[%emt 0:0:0]} 2. d4 {[%emt 0:0:3]} d5 {[%emt 0:0:0]} 3. e5 {[%emt 0:0:37]} Bf5 {[%emt 0:0:19]} 4. Nf3 {[%emt 0:0:54]} e6 {[%emt 0:0:17]} 5. Be2 {[%emt 0:0:32]} c5 {[%emt 0:5:48]} 6. 0-0 {[%emt 0:0:0]} Nc6 {[%emt 0:0:20]} 7. c3 {[%emt 0:0:52]} cxd4 {[%emt 0:2:1]} 8. Nxd4 {[%emt 0:1:11]} Nxd4 {[%emt 0:31:18]} 9. cxd4 {[%emt 0:3:52]} Ne7 {[%emt 0:0:16]
} 10. g4 {[%emt 0:6:52]} Bxb1 {[%emt 0:7:23]} 11. Rxb1 {[%emt 0:0:49]
} Nc6 {[%emt 0:0:37]} 12. f4 {[%emt 0:6:45]} Be7 {[%emt 0:0:0]} 13. Be3 {[%emt 0:10:21]} 0-0 {[%emt 0:2:46]} 14. b4 {[%emt 0:18:29]} Rc8 {[%emt 0:17:1]} 15. Qd2 {[%emt 0:4:15]} a6 {[%emt 0:4:48]} 16. f5 {[%emt 0:0:0]} f6 {[%emt 0:1:39]} 17. fxe6 {[%emt 0:3:16]} fxe5 {[%emt 0:0:42]} 18. Rxf8+ {[%emt 0:0:23]} Qxf8 {[%emt 0:5:35]} 19. dxe5 {[%emt 0:1:53]} d4 {[%emt 0:0:59]
} 20. Bf2 {[%emt 0:3:13]} Bxb4 {[%emt 0:1:15]} 21. Qd3 {[%emt 0:6:53]
} b5 {[%emt 0:4:9]} 22. Qe4 {[%emt 0:2:1]} Qc5 {[%emt 0:0:0]} 23. Bd3 {[%emt 0:6:39]} g6 {[%emt 0:0:2]} 24. Bg3 {[%emt 0:0:5]} Re8 {[%emt 0:1:0]} 25. Qf4 {[%emt 0:7:32]} Rf8 {[%emt 0:1:41]} 26. Qg5 {[%emt 0:0:46]
} Qc3 {[%emt 0:1:51]} 27. Bxg6 {[%emt 0:3:16]} hxg6 {[%emt 0:0:0]} 28. Qxg6+ {[%emt 0:0:2]} Kh8 {[%emt 0:0:5]} 29. Qh6+ {[%emt 0:0:0]} Kg8 {[%emt 0:0:3]} 30. Qg6+ {[%emt 0:0:54]} Kh8 {[%emt 0:0:4]} 31. Qh6+ {[%emt 0:0:33]} Kg8 {[%emt 0:0:3]} 32. Qg6+ {[%emt 0:0:5]} 1/2-1/2

[Event "RUS-chT Premier 2021"]
[White "Vetokhin,Savva"]
[Black "Kornev,Alexei"]
[WhiteTeam "Школа М. Ботвинника"]
[BlackTeam "КПРФ"]
[Site "Sochi"]
[Round "8.12"]
[Annotator "ChessBase"]
[Result "0-1"]
[Date "2021.05.09"]
[WhiteElo "2261"]
[BlackElo "2498"]
[PlyCount "86"]
[TimeControl "60"]

1. Nf3 {[%emt 0:0:0]} Nf6 {[%emt 0:0:0]} 2. g3 {[%emt 0:0:0]} g6 {[%emt 0:0:21]
} 3. Bg2 {[%emt 0:0:0]} Bg7 {[%emt 0:0:6]} 4. 0-0 {[%emt 0:0:0]} 0-0 {[%emt 0:0:9]} 5. d4 {[%emt 0:0:7]} d5 {[%emt 0:0:45]} 6. c3 {[%emt 0:0:18]
} Nbd7 {[%emt 0:3:24]} 7. Nbd2 {[%emt 0:0:59]} c5 {[%emt 0:0:0]} 8. Re1 {[%emt 0:0:55]} cxd4 {[%emt 0:6:19]} 9. cxd4 {[%emt 0:0:10]} Nb6 {[%emt 0:4:9]} 10. Nb1 {[%emt 0:3:36]} Bf5 {[%emt 0:1:37]} 11. Nc3 {[%emt 0:1:8]
} Ne4 {[%emt 0:2:55]} 12. Nh4 {[%emt 0:11:58]} Nxc3 {[%emt 0:0:0]} 13. bxc3 {[%emt 0:0:3]} Be6 {[%emt 0:0:18]} 14. Nf3 {[%emt 0:6:54]} Rc8 {[%emt 0:3:34]} 15. Bd2 {[%emt 0:4:14]} Nc4 {[%emt 0:4:43]} 16. Qb3 {[%emt 0:8:7]
} Qd7 {[%emt 0:6:19]} 17. Bf4 {[%emt 0:0:53]} h6 {[%emt 0:0:0]} 18. Rab1 {[%emt 0:2:48]} b6 {[%emt 0:2:18]} 19. h4 {[%emt 0:7:41]} Rc6 {[%emt 0:3:42]} 20. Nd2 {[%emt 0:6:45]} Rfc8 {[%emt 0:3:49]} 21. Nxc4 {[%emt 0:0:27]
} Rxc4 {[%emt 0:0:7]} 22. Bd2 {[%emt 0:0:23]} Bh3 {[%emt 0:0:0]} 23. Bh1 {[%emt 0:1:19]} e5 {[%emt 0:8:47]} 24. dxe5 {[%emt 0:2:28]} Bxe5 {[%emt 0:2:35]} 25. Qb5 {[%emt 0:0:56]} R8c5 {[%emt 0:9:25]} 26. Qxd7 {[%emt 0:1:3]
} Bxd7 {[%emt 0:0:2]} 27. Red1 {[%emt 0:10:40]} Be6 {[%emt 0:0:0]} 28. Rb3 {[%emt 0:10:43]} Kh7 {[%emt 0:7:25]} 29. Ra3 {[%emt 0:0:19]} d4 {[%emt 0:1:48]} 30. cxd4 {[%emt 0:4:42]} Rxd4 {[%emt 0:0:19]} 31. Kf1 {[%emt 0:5:18]
} Rc2 {[%emt 0:2:29]} 32. Ke1 {[%emt 0:0:1]} Bd6 {[%emt 0:0:0]} 33. Rd3 {[%emt 0:6:47]} Rxd3 {[%emt 0:0:41]} 34. exd3 {[%emt 0:0:1]} Rxa2 {[%emt 0:0:59]} 35. d4 {[%emt 0:0:5]} b5 {[%emt 0:1:30]} 36. Be4 {[%emt 0:1:58]
} Bc4 {[%emt 0:1:27]} 37. h5 {[%emt 0:0:53]} a5 {[%emt 0:0:31]
} 38. hxg6+ {[%emt 0:0:1]} fxg6 {[%emt 0:0:3]} 39. Rb1 {[%emt 0:2:52]} a4 {[%emt 0:3:41]} 40. Bf3 {[%emt 0:0:0]} a3 {[%emt 0:0:0]} 41. Kd1 {[%emt 0:0:0]} Bd3 {[%emt 0:4:39]} 42. Rc1 {[%emt 0:1:4]} Rb2 {[%emt 0:2:17]} 43. Bd5 {[%emt 0:2:41]} a2 {[%emt 0:2:56]} 0-1

[Event "RUS-chT Premier 2021"]
[White "Vitiugov,Nikita"]
[Black "Dubov,Daniil"]
[WhiteTeam "Медный всадник"]
[BlackTeam "Wildberries Молодёжка"]
[Site "Sochi"]
[Round "8.13"]
[Annotator "TA"]
[Result "1/2-1/2"]
[Date "2021.05.09"]
[WhiteElo "2715"]
[BlackElo "2710"]
[PlyCount "55"]

1. e4 {} c5 2. Nf3 Nc6 3. Bb5 e5 4. 0-0 Nge7 5. Bc4 d5 6. exd5 {B30: Sicilian: 2...Nc6 3 Bb5, lines without ...
g6.} Nxd5 7. Re1 f6 {[#]} 8. c3 $146 {White has an edge.} ({Predecessor:} 8. d4 Nb6 9. Bb5 cxd4 10. Nxd4 a6 11. Bxc6+ bxc6 12. Qh5+ g6 13. Qf3 Be7 14. Nxc6 {
1/2-1/2 (40) Winkler,T (2619)-Kruse,H (2537) ICCF email 2007} )Nb6 9. Bb5 Kf7 10. d4 (10. a4 {is interesting.} a6 11. Bxc6 bxc6 12. d4 exd4 13. cxd4 cxd4 14. a5 )cxd4 {The position is equal.} 11. Bxc6 bxc6 12. cxd4 exd4 13. Nxd4 c5 14. Nb5 (14. Qh5+ {feels hotter.} g6 15. Nc6 Qd5 16. Qxd5+ Nxd5 17. Nd8+ )Qxd1 15. Rxd1 a6 16. N5c3 Bf5 17. Bf4 g5 18. Bc7 Nc4 19. b3 Nb2 20. Rd2 Nd3 (20... Re8 {looks sharper.} 21. Na3 c4 22. Bd6 Bxd6 23. Rxd6 cxb3 24. Rxa6 bxa2 25. Nab5 Kg6 )21. Na3 Rc8 22. Ba5 Ne5 23. Nc4 Nxc4 24. bxc4 Be6 25. Nd5 Bd6 26. Bc3 Bxd5 27. Rxd5 Rhd8 28. Rad1 {Weighted Error Value: White=0.05/
Black=0.04} 1/2-1/2

[Event "RUS-chT Premier 2021"]
[White "Paravyan,David"]
[Black "Matlakov,Maxim"]
[WhiteTeam "Wildberries Молодёжка"]
[BlackTeam "Медный всадник"]
[Site "Sochi"]
[Round "8.14"]
[Annotator "TA"]
[Result "1/2-1/2"]
[Date "2021.05.09"]
[WhiteElo "2647"]
[BlackElo "2688"]
[PlyCount "90"]

1. d4 {} Nf6 2. c4 e6 3. Nc3 Bb4 4. e3 0-0 5. Nf3 d5 6. Be2 dxc4 7. 0-0 c5 8. dxc5 Bxc5 9. Bxc4 Qxd1 10. Rxd1 Nc6 11. a3 Be7 {D40: Queen's Gambit Declined: Semi-Tarrasch with 5 e3.} 12. e4 a6 {[#]} 13. Bf4 $146 ({Predecessor:} 13. h3 b5 14. Be2 Rd8 15. Be3 Bb7 16. Bb6 Rxd1+ 17. Rxd1 Bd8 18. Bc5 Bc7 19. Kf1 Rd8 20. Rxd8+ {1/2-1/2 (20) Haecker,J-Kraemer,
S Wuerttemberg 1994} )b5 14. Be2 b4 ({Black should try} 14... Rd8 $11 )15. axb4 $14 Nxb4 16. Bd6 Bxd6 17. Rxd6 Rb8 18. Ne5 Ne8 $1 {} 19. Rd2 f6 20. Nd7 Bxd7 21. Rxd7 Rf7 22. Rad1 Rxd7 23. Rxd7 Rb6 24. Bc4 Kf8 25. f4 Rc6 26. Bb3 {Hoping for f5.} Nd6 27. Bxe6 Nxe4 $1 28. f5 Nxc3 29. bxc3 Rxc3 {
 Endgame KRB-KRN} 30. Rd8+ Ke7 31. Rd7+ Kf8 32. Rf7+ Ke8 33. Rxg7 Nd3 { [#]} 34. h3 h5 35. Rh7 Nf4 $1 {The position is equal.} 36. Bf7+ Kf8 {aiming for ...Rc7.} 37. Bxh5 Kg8 38. Bg6 Rg3 39. Ra7 Rxg2+ 40. Kf1 Rh2 41. Rxa6 Nxg6 42. fxg6 Rxh3 43. Rxf6 Kg7 44. Kg2 Kxf6 45. Kxh3 Kxg6 {
Weighted Error Value: White=0.07/Black=0.05} 1/2-1/2

[Event "RUS-chT Premier 2021"]
[White "Alekseenko,Kirill"]
[Black "Riazantsev,Alexander"]
[WhiteTeam "Медный всадник"]
[BlackTeam "Wildberries Молодёжка"]
[Site "Sochi"]
[Round "8.15"]
[Annotator "TA"]
[Result "1/2-1/2"]
[Date "2021.05.09"]
[WhiteElo "2696"]
[BlackElo "2631"]
[PlyCount "81"]

1. e4 {} e5 2. Nf3 Nc6 3. Bb5 a6 4. Ba4 Bc5 5. c3 Nge7 6. d4 {C70: Ruy Lopez: 3...a6 4 Ba4, Norwegian and Delayed Schliemann.} exd4 7. cxd4 Bb4+ 8. Nc3 {White is slightly better.} d5 9. e5 0-0 {[#]} 10. a3 $146 ({Predecessor:} 10. h3 b5 11. Bc2 Bf5 12. 0-0 Bxc3 13. bxc3 Qd7 14. a4 b4 15. Bxf5 Nxf5 16. cxb4 Nxb4 {0-1 (41) Duda,J (2730)-Giri,A (2780) Chess.com
INT 2019} )Bxc3+ 11. bxc3 f6 12. exf6 Rxf6 13. Bg5 Re6+ 14. Kf1 Qf8 15. Qd2 Bd7 16. h4 Be8 17. h5 Na5 {} 18. Bc2 Nc4 19. Qd3 Ne3+ $1 20. Kg1 $1 ({Not} 20. fxe3 $2 Bb5 $19 )Nxc2 21. Bxe7 Ne1 22. Nxe1 Qxe7 23. Nf3 Bb5 24. Qb1 ({Don't play} 24. Qf5 Rf8 $17 )Rf8 {
[#] Threatens to win with ...Rxf3!} 25. Ne5 Rxe5 26. dxe5 Rxf2 $1 {And now ...
Rf1+ would win.The position is equal.} 27. Qb4 Qxb4 28. axb4 $11 {
Endgame KRR-KRB} Re2 29. h6 Rxe5 30. Kf2 gxh6 31. Rxh6 Re2+ 32. Kg1 Bd3 33. Rf6 Be4 34. Rf2 Re3 35. Rc1 c6 36. c4 Rb3 37. cxd5 Bxd5 38. Rf4 Rb2 39. Re1 Rxg2+ 40. Kf1 Kh8 41. Re7 {Weighted Error Value: White=0.05/Black=0.04} 1/2-1/2